000 00827nam a2200229 a 4500
001 000757572
003 AM-YEHGA
005 20250617160513.0
008 100902s1961 ||||||||r|||||000|0|rus|d
040 _aAM-YeHGA
041 0 _arus
100 1 _aСумароков, А.В.
245 1 0 _aПрактический анализ электрокардиограммы /
_cА.В. Сумароков, А.А. Михайлов.
260 _aМосква :
_bМедГиз,
_c1961.
300 _a196 с. :
_bил. ;
_c21 см.
440 0 _aБиблиотека практического врача
504 _aБиблиогр.: с. 189; Предм. указ.: с. 190-194
650 1 4 _aЭКГ
650 1 4 _aДиагностическое изображение
700 1 _aМихайлов, А.А.
090 _c457495
999 _c454504
_d454504